000 00259nam a2200109Ia 4500
008 190216s9999||||xx |||||||||||||| ||und||
100 _aWilfred Brown
245 0 _aOrganisation
260 _bHeinemann Educational Books Ltd
_c1971
300 _a395p
942 _cBK
999 _c4512
_d4512